[Event "Sparkassen-Open B"]
[Site "Heusenstamm, Martinsee"]
[Date "2022.11.19"]
[Round "5.25"]
[White "Sasikumar Anitha, Sarvesh"]
[Black "Eremenko, Christian"]
[Result "1/2-1/2"]
[WhiteElo "1563"]
[BlackElo "1785"]
[PlyCount "136"]
[EventDate "2022.??.??"]
[WhiteTeam "TuS Makkabi Ffm"]
[BlackTeam "SV KS 1929 Großauheim"]

1. e4 d5 2. exd5 Qxd5 3. Nc3 Qa5 4. Nf3 Bg4 5. Be2 Nc6 6. h3 Bd7 7. d4 Nf6 8.
Bd2 O-O-O 9. Nb5 Qb6 10. c4 e5 11. c5 Bxc5 12. dxc5 Qxc5 13. Be3 Qb4+ 14. Qd2
Qe7 15. Nxa7+ Nxa7 16. Bxa7 Bxh3 17. Qa5 Rd5 18. Qc3 Bxg2 19. Rg1 Bxf3 20. Bxf3
e4 21. Be2 Ne8 22. a4 f5 23. a5 Kd8 24. a6 bxa6 25. Rxa6 Qe5 26. Qxe5 Rxe5 27.
Bd4 Rd5 28. Bxg7 Rg8 29. Bf6+ Nxf6 30. Rxg8+ Nxg8 31. Ra8+ Kd7 32. Rxg8 Kd6 33.
Rg7 h6 34. Rg6+ Ke5 35. Rxh6 c5 36. Bc4 Rd4 37. b3 Rd8 38. Rc6 Kd4 39. Kf1 f4
40. Rf6 f3 41. Re6 Rd7 42. Kg1 Rg7+ 43. Kf1 Ra7 44. Rd6+ Ke5 45. Rd5+ Kf4 46.
Rd1 Ke5 47. Ke1 Kf4 48. Bf1 Ra3 49. Rb1 Ra2 50. Bh3 Ra7 51. Kf1 Rh7 52. Bg2 Rh2
53. Rb2 Rxg2 54. Rc2 Rh2 55. Kg1 Rh5 56. Rc3 Rd5 57. Kh2 Rd3 58. Rxc5 Rxb3 59.
Rc2 Rb1 60. Rc4 Re1 61. Rb4 Re2 62. Kg1 Kg4 63. Rd4 Kh3 64. Kf1 Rb2 65. Rd1 Kh2
66. Rc1 e3 67. fxe3 Rg2 68. Rc5 Re2 1/2-1/2

[Event "Sparkassen-Open B"]
[Site "Heusenstamm, Martinsee"]
[Date "2022.11.19"]
[Round "5.26"]
[White "Göbel, Martin"]
[Black "Valean, David-Andrei"]
[Result "0-1"]
[WhiteElo "1769"]
[BlackElo "1418"]
[PlyCount "100"]
[EventDate "2022.??.??"]
[WhiteTeam "SC Groß-Zimmern"]
[BlackTeam "TG Schweinfurt 1848"]

1. e4 e5 2. Nf3 Nc6 3. Bb5 a6 4. Ba4 b5 5. Bb3 Bc5 6. O-O d6 7. h3 Nf6 8. d3 h6
9. Nc3 Be6 10. Be3 Ba7 11. Bxe6 fxe6 12. a3 O-O 13. Nh2 Qe8 14. Ng4 Qg6 15.
Nxf6+ Rxf6 16. Bxa7 Rxa7 17. Ne2 Nd4 18. Nxd4 exd4 19. Qd2 a5 20. f3 c5 21. b4
axb4 22. axb4 Rxa1 23. Rxa1 Rxf3 24. Kh1 Rf8 25. Kg1 Qf6 26. bxc5 dxc5 27. Qe2
e5 28. Rc1 Qf4 29. Rb1 b4 30. Rf1 Qxf1+ 31. Qxf1 Rxf1+ 32. Kxf1 Kf7 33. Ke2 Kg6
34. g3 Kf6 35. Kf3 h5 36. h4 g5 37. Ke2 gxh4 38. gxh4 Ke6 39. Kd2 Kd6 40. Kc1
c4 41. Kb2 cxd3 42. cxd3 Kc5 43. Kc2 Kb6 44. Kb2 Ka5 45. Ka2 Ka4 46. Kb2 b3 47.
Kb1 Ka5 48. Ka1 Kb5 49. Kb1 Ka4 50. Kb2 Kb4 0-1

[Event "Sparkassen-Open B"]
[Site "Heusenstamm, Martinsee"]
[Date "2022.11.19"]
[Round "5.27"]
[White "Jordake, Michael"]
[Black "Martens, Marcus"]
[Result "1-0"]
[WhiteElo "1697"]
[BlackElo "1559"]
[PlyCount "81"]
[EventDate "2022.??.??"]
[WhiteTeam "SC Bergen-Enkheim 1922"]
[BlackTeam "Sfr Stiller Zug Wiesbaden"]

1. Nc3 d5 2. e4 dxe4 3. Nxe4 c6 4. Bc4 Bf5 5. Ng3 Bg6 6. Nf3 e6 7. d3 Nf6 8.
O-O Bd6 9. Re1 O-O 10. Qe2 Nd5 11. a3 Nd7 12. Ne4 Qc7 13. Nxd6 Qxd6 14. Ba2
Rad8 15. Bg5 Rde8 16. Rad1 b6 17. Nh4 Nf4 18. Qd2 Nh5 19. g4 Nhf6 20. Bxf6 Nxf6
21. h3 Nd5 22. Ng2 h6 23. c4 Nc7 24. Nf4 Kh7 25. Bb1 e5 26. Ng2 Qd4 27. Ne3 f6
28. Nf5 Bxf5 29. gxf5 c5 30. Qe2 Qh4 31. Qf3 Qd4 32. b4 Rb8 33. Re4 Qd6 34. Qg3
Rh8 35. Qg6+ Kg8 36. Rg4 Qe7 37. Qh5 cxb4 38. axb4 Qxb4 39. c5 Qxc5 40. Ba2+
Kf8 41. Qf7# 1-0

[Event "Sparkassen-Open B"]
[Site "Heusenstamm, Martinsee"]
[Date "2022.11.19"]
[Round "5.28"]
[White "Hofmann, Werner"]
[Black "Kuchta, Maksim"]
[Result "1-0"]
[WhiteElo "1687"]
[BlackElo "1430"]
[PlyCount "101"]
[EventDate "2022.??.??"]
[WhiteTeam "SV 1920 Kelsterbach"]
[BlackTeam "SC Heusenstamm"]

1. d4 Nf6 2. Bf4 g6 3. e3 Bg7 4. c3 O-O 5. Nd2 d5 6. Bd3 Nbd7 7. Ngf3 c6 8. h3
c5 9. Bh2 c4 10. Be2 b5 11. b3 Nb6 12. Ne5 Nfd7 13. Nc6 Qe8 14. Nf3 Bb7 15.
Nce5 Nxe5 16. Nxe5 Nd7 17. Nxd7 Qxd7 18. O-O f6 19. bxc4 bxc4 20. Rb1 e5 21.
Qc2 Bc6 22. Rb4 Rab8 23. Rfb1 Qc7 24. Qb2 Rxb4 25. Qxb4 Re8 26. Bf3 Bf8 27. Qb2
Bd6 28. Kh1 Qe7 29. Qd2 Kf7 30. dxe5 Bxe5 31. Bxd5+ Bxd5 32. Qxd5+ Qe6 33. Rb7+
Re7 34. Qxe6+ Kxe6 35. Rxe7+ Kxe7 36. Bxe5 fxe5 37. g4 Kd6 38. Kg2 e4 39. Kg3
Ke5 40. f3 exf3 41. Kxf3 g5 42. e4 Kd6 43. Ke3 Ke5 44. a4 a5 45. Kf3 Kd6 46.
Ke2 Ke5 47. Ke3 h6 48. Kf3 Kd6 49. Ke2 Ke5 50. Ke3 Kd6 51. Kd4 1-0

[Event "Sparkassen-Open B"]
[Site "Heusenstamm, Martinsee"]
[Date "2022.11.19"]
[Round "5.29"]
[White "Reinhold, Günther"]
[Black "Köberl, Christiane"]
[Result "1-0"]
[WhiteElo "1681"]
[BlackElo "1492"]
[PlyCount "59"]
[EventDate "2022.??.??"]
[WhiteTeam "Frankfurter TV 1860"]
[BlackTeam "SC Sulzbach"]

1. e4 c5 2. Be2 Nc6 3. f4 e6 4. Nf3 Nge7 5. O-O d5 6. d3 Qc7 7. c3 b6 8. Be3
Bb7 9. Nbd2 O-O-O 10. Ng5 Ng6 11. Bg4 d4 12. cxd4 cxd4 13. Bf2 Qxf4 14. Nxe6
fxe6 15. Bxe6+ Rd7 16. Bg3 Qe3+ 17. Kh1 Nge5 18. Nf3 Nxd3 19. Bxd7+ Kxd7 20.
Qb3 Bd6 21. Qd5 Nf4 22. Bxf4 Qxf4 23. e5 Nxe5 24. Qxb7+ Bc7 25. Rac1 Nxf3 26.
g3 Qd6 27. Rxf3 Rc8 28. Rf7+ Kd8 29. Rcf1 Rb8 30. Rf8+ 1-0

[Event "Sparkassen-Open B"]
[Site "Heusenstamm, Martinsee"]
[Date "2022.11.19"]
[Round "5.30"]
[White "Drewes, Thomas"]
[Black "Fettig, Konrad"]
[Result "1/2-1/2"]
[WhiteElo "1676"]
[BlackElo "1528"]
[PlyCount "88"]
[EventDate "2022.??.??"]
[WhiteTeam "SV Würzburg von 1865"]
[BlackTeam "SC ML Kastellaun"]

1. d4 Nf6 2. Nf3 d5 3. c4 e6 4. e3 c5 5. cxd5 exd5 6. Bb5+ Bd7 7. Qa4 cxd4 8.
Nxd4 a6 9. Bxd7+ Qxd7 10. Qxd7+ Nbxd7 11. O-O Bc5 12. Nb3 O-O 13. Rd1 Rac8 14.
Nc3 Bb4 15. Nxd5 Nxd5 16. Rxd5 Nf6 17. Rd4 Rfd8 18. a3 Rxd4 19. exd4 Bd6 20.
Be3 b6 21. Rc1 Rxc1+ 22. Nxc1 Nd5 23. Ne2 Kf8 24. a4 Ke7 25. h3 f5 26. g3 h6
27. Kg2 g5 28. Bd2 Ke6 29. h4 f4 30. hxg5 hxg5 31. Kf3 fxg3 32. fxg3 Be7 33.
Kg4 b5 34. axb5 axb5 35. Nc3 Nf6+ 36. Kf3 b4 37. Ne2 g4+ 38. Ke3 Bd6 39. Kd3
Kd5 40. Bf4 Be7 41. Bd2 Nh5 42. Nf4+ Nxf4+ 43. Bxf4 Bf6 44. Be3 Bg7 1/2-1/2

[Event "Sparkassen-Open B"]
[Site "Heusenstamm, Martinsee"]
[Date "2022.11.19"]
[Round "5.31"]
[White "Michalski, Uwe"]
[Black "Kuran, Rainer"]
[Result "0-1"]
[WhiteElo "1671"]
[BlackElo "1507"]
[PlyCount "72"]
[EventDate "2022.??.??"]
[WhiteTeam "Sfr.Mainz 1928"]
[BlackTeam "Karlsruher SF"]

1. e4 c6 2. d4 d5 3. e5 c5 4. c3 Nc6 5. Nf3 Bg4 6. Be2 e6 7. O-O Nge7 8. Ng5
Bxe2 9. Qxe2 Ng6 10. f4 Be7 11. Qh5 Bxg5 12. fxg5 cxd4 13. cxd4 Nxd4 14. Nc3
Nxe5 15. Bf4 Ng6 16. Rad1 Nc6 17. Kh1 Qd7 18. Bg3 Nce7 19. Ne4 Nf5 20. Rxf5
exf5 21. Nd6+ Kf8 22. Rxd5 Qc6 23. Qf3 Ne7 24. Rd3 Qxf3 25. Rxf3 Rd8 26. h4 b6
27. Nxf5 Nxf5 28. Rxf5 Rd7 29. Be1 Ke8 30. Bc3 Rg8 31. Kg1 h6 32. Kf2 hxg5 33.
Rxg5 Ke7 34. Bxg7 Ke6 35. g4 f6 36. Bxf6 Rf8 0-1

[Event "Sparkassen-Open B"]
[Site "Heusenstamm, Martinsee"]
[Date "2022.11.19"]
[Round "5.32"]
[White "Herrmann, Gerhard"]
[Black "Haas, Vanessa"]
[Result "0-1"]
[WhiteElo "1528"]
[BlackElo "1666"]
[PlyCount "102"]
[EventDate "2022.??.??"]
[WhiteTeam "SC Königsspringer Alzenau"]
[BlackTeam "SC FK Babenhausen 1994"]

1. e4 c5 2. Nf3 Nc6 3. c3 e6 4. Bb5 a6 5. Ba4 b5 6. Bc2 Nf6 7. O-O Be7 8. Qe2
d6 9. Rd1 Bb7 10. d4 cxd4 11. cxd4 Nb4 12. Nc3 Nxc2 13. Qxc2 Rc8 14. e5 Nd5 15.
Qd2 Nxc3 16. bxc3 Qc7 17. Bb2 Rd8 18. a4 bxa4 19. exd6 Bxd6 20. h3 Bxf3 21.
gxf3 Bf4 22. Qe2 Qe7 23. Qxa6 O-O 24. Qxa4 Qg5+ 25. Kf1 Qf5 26. Ke2 Qxh3 27.
Rh1 Qf5 28. Rag1 Ra8 29. Qd1 Qb5+ 30. Qd3 Qxb2+ 31. Kf1 Ra1+ 32. Kg2 Rxg1+ 33.
Kxg1 h6 34. Qe4 Bb8 35. Qg4 Qc1+ 36. Kg2 Qg5 37. Rh5 Qxg4+ 38. fxg4 Rc8 39. Rh3
Bf4 40. Rd3 Bc1 41. Kf3 Bb2 42. Ke4 Rxc3 43. Rd2 Bc1 44. Ra2 Rc8 45. f4 Rc3 46.
Re2 Rg3 47. f5 Rxg4+ 48. Ke5 Bf4+ 49. Ke4 Bd6+ 50. Kf3 Rf4+ 51. Ke3 Rxf5 0-1

[Event "Sparkassen-Open B"]
[Site "Heusenstamm, Martinsee"]
[Date "2022.11.19"]
[Round "5.33"]
[White "Kluge, Joscha"]
[Black "Niedenthal, Robert"]
[Result "1-0"]
[WhiteElo "1533"]
[BlackElo "1644"]
[PlyCount "87"]
[EventDate "2022.??.??"]
[WhiteTeam "SC Bergen-Enkheim 1922"]
[BlackTeam "SV 1920 Hofheim"]

1. e4 g6 2. d4 Bg7 3. Nf3 e6 4. Bg5 Ne7 5. Bd3 d6 6. Qd2 h6 7. Be3 Nd7 8. O-O
b6 9. Nc3 Bb7 10. Ne1 a6 11. f4 c5 12. Ne2 b5 13. c3 c4 14. Bc2 f5 15. Ng3 O-O
16. Nf3 fxe4 17. Nxe4 Nf5 18. g4 Nxe3 19. Qxe3 Nf6 20. Nf2 Qe8 21. Nh4 Qc6 22.
Qxe6+ Rf7 23. Bxg6 Raf8 24. Bxf7+ Rxf7 25. Rad1 Bc8 26. Qe2 Bb7 27. h3 Rf8 28.
Qe6+ Rf7 29. Kh2 Bc8 30. Qe3 Rf8 31. Rg1 Re8 32. Qg3 Re2 33. Rg2 Bb7 34. g5 Ne4
35. Nxe4 Qxe4 36. Rdg1 h5 37. f5 Qc2 38. Rxe2 Qxe2+ 39. Ng2 Bf8 40. Qe1 Qxb2
41. Qe6+ Kh8 42. g6 Qxc3 43. Qf7 Bd5 44. Qh7# 1-0

[Event "Sparkassen-Open B"]
[Site "Heusenstamm, Martinsee"]
[Date "2022.11.19"]
[Round "5.34"]
[White "Goodwin, David"]
[Black "Gräßer, Malte"]
[Result "1/2-1/2"]
[WhiteElo "1497"]
[BlackElo "1605"]
[PlyCount "37"]
[EventDate "2022.??.??"]
[WhiteTeam "SV 1920 Kelsterbach"]
[BlackTeam "Sfr.Heidesheim"]

1. Nf3 e6 2. g3 d5 3. Bg2 Nf6 4. d3 c5 5. O-O Nc6 6. Nbd2 Bd7 7. Re1 g6 8. e4
Bg7 9. exd5 Nxd5 10. Nb3 b6 11. Ng5 O-O 12. Nh3 Rc8 13. Rf1 Rc7 14. c3 Bc8 15.
Nf4 Bb7 16. Nxd5 exd5 17. Bf4 Be5 18. Bxe5 Nxe5 19. f4 1/2-1/2

[Event "Sparkassen-Open B"]
[Site "Heusenstamm, Martinsee"]
[Date "2022.11.19"]
[Round "5.35"]
[White "Junkers, Günter"]
[Black "Homfeldt, Maren"]
[Result "1-0"]
[WhiteElo "1207"]
[BlackElo "1104"]
[PlyCount "55"]
[EventDate "2022.??.??"]
[WhiteTeam "SSG Rödermark/Epph."]
[BlackTeam "SC Noris-Tarrasch Nürnberg"]

1. e4 d6 2. d4 a6 3. Nf3 b5 4. e5 e6 5. Bd3 Bb7 6. Nc3 dxe5 7. d5 exd5 8. Nxe5
d4 9. Ne2 Bxg2 10. Rg1 Bb4+ 11. c3 dxc3 12. bxc3 Bxc3+ 13. Nxc3 Qf6 14. Qe2 Bh3
15. Ng4+ Ne7 16. Nxf6+ gxf6 17. Nd5 Kd7 18. Qxe7+ Kc6 19. Nb4+ Kb7 20. Qe4+ c6
21. Qe7+ Nd7 22. Be3 Be6 23. Be4 Rac8 24. Rc1 f5 25. Bf3 Rhe8 26. Qd6 Bd5 27.
Bxd5 cxd5 28. Qxd7+ 1-0

[Event "Sparkassen-Open B"]
[Site "Heusenstamm, Martinsee"]
[Date "2022.11.19"]
[Round "5.36"]
[White "Spiegel, Nina"]
[Black "Gärtner, Johannes"]
[Result "0-1"]
[WhiteElo "1539"]
[BlackElo "1402"]
[PlyCount "96"]
[EventDate "2022.??.??"]
[WhiteTeam "Sfr Stiller Zug Wiesbaden"]
[BlackTeam "Sfr.Mainz 1928"]

1. c4 e5 2. g3 c6 3. Bg2 d5 4. cxd5 cxd5 5. d4 e4 6. Nc3 Be7 7. Nh3 f5 8. O-O
Nf6 9. Bg5 Be6 10. Nf4 Bf7 11. Bxf6 Bxf6 12. e3 O-O 13. Qb3 Qd7 14. Rac1 Rd8
15. Na4 b6 16. Nc3 g5 17. Nfe2 Nc6 18. Qa4 Rac8 19. f3 Kg7 20. fxe4 fxe4 21.
Rf2 Bh5 22. Rcf1 Rf8 23. Qb5 Bxe2 24. Rxe2 Rcd8 25. Ref2 g4 26. Rf5 Ne7 27.
Qxd7 Rxd7 28. R5f2 h5 29. h3 Rdd8 30. hxg4 hxg4 31. Rf4 Bg5 32. Rxg4 Kh6 33.
Nd1 Kh5 34. Bh3 Ng8 35. Rgf4 Bxf4 36. gxf4 Nf6 37. Kf2 Kg6 38. Rg1+ Kf7 39. Nc3
Rh8 40. Bf5 Rh2+ 41. Rg2 Rxg2+ 42. Kxg2 Rg8+ 43. Kf2 Ke7 44. a4 a6 45. b4 Kd6
46. Bh3 Ng4+ 47. Ke2 Nxe3 48. f5 Rg3 0-1

[Event "Sparkassen-Open B"]
[Site "Heusenstamm, Martinsee"]
[Date "2022.11.19"]
[Round "5.37"]
[White "Özyar, Arin"]
[Black "Griesche, Robby"]
[Result "0-1"]
[WhiteElo "1353"]
[BlackElo "1593"]
[PlyCount "68"]
[EventDate "2022.??.??"]
[WhiteTeam "SC Bad Soden"]
[BlackTeam "SV Worms 1878"]

1. d4 d5 2. Bf4 c5 3. Nc3 e6 4. e3 a6 5. Nf3 Nc6 6. Be2 Nf6 7. O-O Nh5 8. Bg3
Nxg3 9. fxg3 Be7 10. Qd2 O-O 11. Nd1 b5 12. c3 b4 13. Nf2 cxd4 14. cxd4 a5 15.
h4 Ba6 16. Nh3 Bxe2 17. Qxe2 Qd6 18. Qf2 h6 19. Nf4 a4 20. Nd3 Na5 21. Nc5 Nc6
22. Nd3 f6 23. Rac1 e5 24. Nc5 e4 25. Nd2 Rac8 26. Rc2 Qb8 27. Rfc1 b3 28. axb3
Nb4 29. Qf5 Qa8 30. Qe6+ Kh8 31. Nd7 Rxc2 32. Rxc2 Nxc2 33. Qxe7 Nxe3 34. bxa4
Qxa4 0-1

[Event "Sparkassen-Open B"]
[Site "Heusenstamm, Martinsee"]
[Date "2022.11.19"]
[Round "5.38"]
[White "Kanno, Clara Yumi"]
[Black "Schmidt, Moritz"]
[Result "0-1"]
[WhiteElo "1243"]
[BlackElo "1442"]
[PlyCount "80"]
[EventDate "2022.??.??"]
[WhiteTeam "SF Essen-Werden 1924/80"]
[BlackTeam "SVG 1920 Plettenberg"]

1. d4 Nf6 2. Bf4 e6 3. Nf3 c5 4. e3 d5 5. c3 Nc6 6. Bd3 Be7 7. h3 O-O 8. O-O
Bd7 9. Nbd2 c4 10. Bc2 b5 11. a3 a5 12. e4 b4 13. axb4 axb4 14. exd5 exd5 15.
Ba4 b3 16. Re1 Nxd4 17. Nxd4 Rxa4 18. Rxa4 Bxa4 19. Nf5 Bc5 20. Nf3 Ne4 21.
N3d4 Qf6 22. f3 Bxd4+ 23. Nxd4 Nxc3 24. bxc3 Qxf4 25. Ne2 Qe3+ 26. Kf1 Qd3 27.
Qc1 Qc2 28. Nd4 Qxc1 29. Rxc1 b2 30. Rb1 Rb8 31. Ke2 Kf8 32. Kd2 Ke7 33. Nc2
Bxc2 34. Kxc2 Kd6 35. Rxb2 Rxb2+ 36. Kxb2 Kc5 37. Kc2 d4 38. h4 f5 39. h5 h6
40. Kd2 d3 0-1

[Event "Sparkassen-Open B"]
[Site "Heusenstamm, Martinsee"]
[Date "2022.11.19"]
[Round "5.39"]
[White "Pichl, Johann"]
[Black "Kirchner, Stefan"]
[Result "1-0"]
[WhiteElo "1414"]
[BlackElo "1577"]
[PlyCount "73"]
[EventDate "2022.??.??"]
[WhiteTeam "SK Bad Homburg 1927"]
[BlackTeam "SF Schöneck"]

1. d4 f5 2. Nc3 Nf6 3. Nf3 g6 4. Bg5 Bg7 5. e3 O-O 6. Bc4+ Kh8 7. Qd2 d6 8. h4
h6 9. Bxf6 Bxf6 10. O-O-O c6 11. Kb1 b5 12. Bd3 e5 13. dxe5 dxe5 14. e4 f4 15.
g3 Bg4 16. Be2 Qxd2 17. Rxd2 a5 18. Rhd1 Na6 19. Nxe5 Bxe2 20. Nxg6+ Kg8 21.
Rxe2 Rfd8 22. Nxf4 Nc5 23. e5 Be7 24. Kc1 Kf7 25. h5 Bg5 26. Rxd8 Rxd8 27. Ne4
Bxf4+ 28. gxf4 Ne6 29. f5 Nf4 30. Re1 Nxh5 31. e6+ Ke7 32. Rh1 Nf4 33. c3 a4
34. Rxh6 Nd3+ 35. Kc2 Ne1+ 36. Kc1 Nd3+ 37. Kb1 1-0

[Event "Sparkassen-Open B"]
[Site "Heusenstamm, Martinsee"]
[Date "2022.11.19"]
[Round "5.40"]
[White "Karres, David Tobias"]
[Black "Sensoy, Emir"]
[Result "0-1"]
[WhiteElo "1370"]
[BlackElo "1323"]
[PlyCount "56"]
[EventDate "2022.??.??"]
[WhiteTeam "SF Heidelberg"]
[BlackTeam "MSA Zugzwang 82"]

1. e4 c5 2. c3 d6 3. d4 cxd4 4. cxd4 g6 5. Nf3 Bg7 6. Bc4 Nf6 7. O-O O-O 8. Nc3
Nc6 9. Be3 Nxe4 10. Nxe4 d5 11. Bb3 dxe4 12. Ng5 Nxd4 13. Nxe4 Nxb3 14. Qxb3 b6
15. Rfd1 Qc7 16. Bd4 Bb7 17. Bxg7 Kxg7 18. Qc3+ Qxc3 19. Nxc3 Rad8 20. h4 e6
21. Rxd8 Rxd8 22. Rd1 Bd5 23. Nb5 a6 24. Nd4 Rc8 25. b3 Rc3 26. g3 Kf6 27. Rd2
Rc1+ 28. Kh2 Rh1# 0-1

[Event "Sparkassen-Open B"]
[Site "Heusenstamm, Martinsee"]
[Date "2022.11.19"]
[Round "5.41"]
[White "Alt, Johannes"]
[Black "Jansen, Malte"]
[Result "1/2-1/2"]
[WhiteElo "1433"]
[BlackElo "1396"]
[PlyCount "68"]
[EventDate "2022.??.??"]
[WhiteTeam "Sfr.Heidesheim"]
[BlackTeam "SJ Herborn 1998"]

1. d4 d5 2. Nf3 Bf5 3. Bf4 e6 4. e3 Nf6 5. c4 Bd6 6. Bg3 O-O 7. Nc3 Bxg3 8.
hxg3 Nbd7 9. cxd5 exd5 10. Be2 c6 11. O-O Re8 12. b4 Rc8 13. Qb3 Qe7 14. Rac1
Rc7 15. b5 Rec8 16. bxc6 bxc6 17. Qb2 c5 18. dxc5 Rxc5 19. Nb5 Rxc1 20. Rxc1
Rxc1+ 21. Qxc1 Nb6 22. Nfd4 Qd7 23. Qa3 Nc4 24. Qxa7 Qxa7 25. Nxa7 Bd7 26. Nac6
Kf8 27. Kf1 Ke8 28. Bd3 g6 29. Ke2 Ne4 30. Bxe4 dxe4 31. a4 Bc8 32. Nb3 Kd7 33.
Nbd4 Kd6 34. a5 Ba6 1/2-1/2

[Event "Sparkassen-Open B"]
[Site "Heusenstamm, Martinsee"]
[Date "2022.11.19"]
[Round "5.42"]
[White "Pradeep, Harshill"]
[Black "Fritsch, Reinhold"]
[Result "0-1"]
[WhiteElo "1320"]
[BlackElo "1567"]
[PlyCount "120"]
[EventDate "2022.??.??"]
[WhiteTeam "SK Bickenbach"]
[BlackTeam "SC Somborn 1933"]

1. e4 d6 2. d4 g6 3. h3 Bg7 4. Nf3 Nf6 5. Nc3 a6 6. Bc4 O-O 7. O-O b5 8. Bb3
Nbd7 9. Qe2 c5 10. a4 b4 11. Nd5 a5 12. Rd1 Bb7 13. Nxf6+ Bxf6 14. e5 Bxf3 15.
Qxf3 dxe5 16. dxc5 Qc7 17. Bh6 Bg7 18. Bxg7 Kxg7 19. c6 Nf6 20. g4 e4 21. Qg2
h6 22. h4 Qf4 23. g5 hxg5 24. hxg5 Nh7 25. Qg3 Qxg3+ 26. fxg3 Nxg5 27. Rd7 Nf3+
28. Kf2 Kf6 29. c7 Ne5 30. Rd4 Rac8 31. Rxe4 Rxc7 32. Kg2 Nc6 33. Rh1 e6 34.
Rhe1 Kg7 35. Rh4 Rh8 36. Reh1 Rxh4 37. gxh4 Nd4 38. Rh3 Nxb3 39. cxb3 Rc2+ 40.
Kh1 Rxb2 41. h5 gxh5 42. Rxh5 Rxb3 43. Rxa5 Ra3 44. Kg2 b3 45. Rb5 Ra2+ 46. Kf3
Rxa4 47. Rxb3 Ra8 48. Re3 Rh8 49. Ke2 Rh5 50. Rg3+ Kf6 51. Re3 Re5 52. Rxe5
Kxe5 53. Kf3 Kd4 54. Ke2 f5 55. Kd2 e5 56. Ke2 Ke4 57. Kf2 Kd3 58. Ke1 e4 59.
Kf1 Kd2 60. Kg2 e3 0-1

[Event "Sparkassen-Open B"]
[Site "Heusenstamm, Martinsee"]
[Date "2022.11.19"]
[Round "5.44"]
[White "Gnandt, Michael"]
[Black "Kähm, Kevin"]
[Result "0-1"]
[WhiteElo "1495"]
[BlackElo "1696"]
[PlyCount "92"]
[EventDate "2022.??.??"]
[WhiteTeam "SV Steinhausen"]
[BlackTeam "SK Bischofsheim"]

1. e4 d6 2. Nf3 Nf6 3. d3 g6 4. Nbd2 Bg7 5. g3 O-O 6. Bg2 Bg4 7. h3 Bxf3 8.
Qxf3 c6 9. O-O Nbd7 10. d4 Qb6 11. c3 e5 12. Nb3 Rfe8 13. Re1 a5 14. a4 Qxb3
15. Ra3 Qb6 16. Qd3 c5 17. d5 Nh5 18. c4 Qd8 19. Rf1 Rf8 20. Be3 Ra6 21. Raa1
Rb6 22. b3 Nb8 23. Rab1 Na6 24. Qe2 Nb4 25. Bd2 Qc8 26. Kh2 Nf6 27. Bc3 h5 28.
Bd2 Kh7 29. Bf3 Bh6 30. Bc3 Kg7 31. Rg1 Rh8 32. Bg2 g5 33. Kh1 Kf8 34. Kh2 Ke7
35. Kh1 Kd7 36. Kh2 Kc7 37. Kh1 Qg8 38. Kh2 Qg6 39. Kh1 Ra6 40. Kh2 Raa8 41.
Rbe1 Bf8 42. Qb2 Nd3 43. Qd2 Nxe1 44. Qxe1 b6 45. Qe2 Be7 46. Qe3 Ng4+ 0-1

[Event "Sparkassen-Open B"]
[Site "Heusenstamm, Martinsee"]
[Date "2022.11.19"]
[Round "5.45"]
[White "Tobias, Christian"]
[Black "Nichols, Uwe"]
[Result "1/2-1/2"]
[WhiteElo "1434"]
[BlackElo "1673"]
[PlyCount "60"]
[EventDate "2022.??.??"]
[WhiteTeam "SV Oberursel"]
[BlackTeam "SV Oberursel"]

1. e4 c5 2. c3 e6 3. d4 cxd4 4. cxd4 Nf6 5. e5 Bb4+ 6. Bd2 Bxd2+ 7. Nxd2 Nd5 8.
Ngf3 d6 9. Bb5+ Bd7 10. Bxd7+ Qxd7 11. O-O dxe5 12. Nxe5 Qe7 13. Rc1 O-O 14.
Nef3 Nc6 15. Re1 Rac8 16. Qb3 Qb4 17. Rc4 Qxb3 18. Nxb3 Ncb4 19. Rxc8 Rxc8 20.
a3 Nd3 21. Re2 Nc1 22. Nxc1 Rxc1+ 23. Re1 Rxe1+ 24. Nxe1 b6 25. g3 a5 26. Nd3
f6 27. Kg2 Kf7 28. Kf3 g5 29. Kg4 Ne7 30. Kf3 Nd5 1/2-1/2

[Event "Sparkassen-Open B"]
[Site "Heusenstamm, Martinsee"]
[Date "2022.11.19"]
[Round "5.46"]
[White "Carvelli, Nicolas"]
[Black "Belin, Anton"]
[Result "1/2-1/2"]
[WhiteElo "1412"]
[BlackElo "1495"]
[PlyCount "76"]
[EventDate "2022.??.??"]
[WhiteTeam "SF Seligenstadt"]
[BlackTeam "SK Bad Homburg 1927"]

1. b3 d5 2. Bb2 Bf5 3. e3 Nd7 4. f4 Ngf6 5. Nf3 e6 6. g3 Bd6 7. Bg2 c6 8. O-O
O-O 9. d4 c5 10. Nbd2 Rc8 11. c4 Qb6 12. Ne5 Bxe5 13. dxe5 Ng4 14. Qe2 dxc4 15.
Nxc4 Qb4 16. e4 b5 17. Nd6 Rc6 18. exf5 Rxd6 19. exd6 exf5 20. Bc6 Nb6 21. d7
c4 22. Kg2 Qc5 23. Bf3 Ne3+ 24. Kh1 Nxf1 25. Rxf1 Nxd7 26. bxc4 bxc4 27. Rc1
Rc8 28. Qd2 Nb6 29. Qd4 Qf8 30. Rd1 f6 31. Bd5+ Kh8 32. Be6 Rb8 33. Bc3 Qe8 34.
Bxf5 Rb7 35. Qd8 Rb8 36. Qxe8+ Rxe8 37. Re1 Rd8 38. Re7 Nd5 1/2-1/2

[Event "Sparkassen-Open B"]
[Site "Heusenstamm, Martinsee"]
[Date "2022.11.19"]
[Round "5.47"]
[White "Traut, Stefan"]
[Black "Fettig, Michel"]
[Result "0-1"]
[WhiteElo "1581"]
[BlackElo "1403"]
[PlyCount "68"]
[EventDate "2022.??.??"]
[WhiteTeam "SF Heusenstamm"]
[BlackTeam "SC ML Kastellaun"]

1. d4 d5 2. Nf3 Nf6 3. c4 e6 4. g3 Nc6 5. Bg2 Be7 6. O-O O-O 7. b3 b6 8. Nc3
Ba6 9. Nd2 Rc8 10. Bb2 Na5 11. cxd5 exd5 12. Rc1 Re8 13. Re1 Bb4 14. a3 Be7 15.
e4 dxe4 16. Ndxe4 h6 17. Nxf6+ Bxf6 18. Ne4 Qe7 19. Nxf6+ Qxf6 20. Qd2 Nxb3 21.
Qc2 Nxc1 22. Rxc1 Re7 23. d5 Qg6 24. Qxg6 fxg6 25. d6 cxd6 26. Rxc8+ Bxc8 27.
Bd5+ Be6 28. Bxe6+ Rxe6 29. Bc3 g5 30. a4 g4 31. a5 h5 32. axb6 axb6 33. Bd4 d5
34. Kf1 g6 0-1

[Event "Sparkassen-Open B"]
[Site "Heusenstamm, Martinsee"]
[Date "2022.11.19"]
[Round "5.48"]
[White "Leichum, Engelbert"]
[Black "Hott, Arthur"]
[Result "0-1"]
[WhiteElo "1559"]
[BlackElo "1497"]
[PlyCount "86"]
[EventDate "2022.??.??"]
[WhiteTeam "vereinslos"]
[BlackTeam "SC Bad Soden"]

1. e4 c6 2. d4 d5 3. Nc3 dxe4 4. Nxe4 Bf5 5. Bd3 Qxd4 6. Qe2 Bxe4 7. Bxe4 Nf6
8. Bd3 e6 9. Nf3 Qd8 10. O-O Nbd7 11. Bg5 h6 12. Bh4 Be7 13. Rad1 Nd5 14. Bg3
Qb6 15. a3 Bf6 16. Rb1 Rd8 17. c4 Ne7 18. b4 a6 19. c5 Qa7 20. Bd6 O-O 21. Qe4
g6 22. Qe3 Kg7 23. Nd2 Rfe8 24. f4 Nf5 25. Qh3 Nxd6 26. Kh1 Nf5 27. Nc4 b5 28.
Nd2 Rh8 29. g4 Ne7 30. Nc4 Qc7 31. Nd6 h5 32. f5 hxg4 33. Qxg4 exf5 34. Qg3 Be5
35. Qg5 Bxd6 36. cxd6 Qxd6 37. Qd2 Ne5 38. Qc3 Qd5+ 39. Kg1 Qd4+ 40. Qxd4 Rxd4
41. Bc2 Rd2 42. Bb3 Rhxh2 43. Rfe1 Nf3+ 0-1

[Event "Sparkassen-Open B"]
[Site "Heusenstamm, Martinsee"]
[Date "2022.11.19"]
[Round "5.49"]
[White "Schwab, Lysander"]
[Black "Vick, Edward"]
[Result "1/2-1/2"]
[WhiteElo "1505"]
[BlackElo "1222"]
[PlyCount "64"]
[EventDate "2022.??.??"]
[WhiteTeam "SC Aschaffenburg"]
[BlackTeam "TuS Makkabi Wiesbaden"]

1. c4 c5 2. Nf3 Nf6 3. d4 cxd4 4. Nxd4 Nc6 5. Nc3 d5 6. Qa4 dxc4 7. Nxc6 bxc6
8. Qxc6+ Bd7 9. Qxc4 Qb6 10. Qf4 e6 11. e4 Bb4 12. Be3 Qc6 13. Bd4 Qxe4+ 14.
Qxe4 Nxe4 15. Bxg7 Bxc3+ 16. bxc3 Rg8 17. Bd4 Rc8 18. Rc1 Rg5 19. Bd3 Nc5 20.
Bxc5 Rcxc5 21. O-O Bc6 22. f3 h5 23. Rf2 h4 24. c4 h3 25. g3 Rgd5 26. Be4 Rd4
27. Bxc6+ Rxc6 28. Rfc2 f5 29. Kf2 Rd3 30. Rb2 Ra3 31. Rcc2 Ra4 32. Rb8+ Kf7
1/2-1/2

[Event "Sparkassen-Open B"]
[Site "Heusenstamm, Martinsee"]
[Date "2022.11.19"]
[Round "5.50"]
[White "Neininger, Sarah"]
[Black "Niesel, Sebastian"]
[Result "1-0"]
[WhiteElo "1434"]
[BlackElo "1312"]
[PlyCount "103"]
[EventDate "2022.??.??"]
[WhiteTeam "VSG 1880 Offenbach"]
[BlackTeam "SV 1934 Ffm-Griesheim"]

1. e4 e5 2. Nf3 Nc6 3. Bb5 a6 4. Ba4 Nf6 5. O-O d6 6. Re1 Be7 7. c3 b5 8. Bc2
O-O 9. h3 h6 10. d4 exd4 11. cxd4 Bb7 12. a3 Nh7 13. Nbd2 Bg5 14. Nxg5 Qxg5 15.
Nf3 Qe7 16. Qd3 Nf6 17. e5 dxe5 18. dxe5 Rfd8 19. exf6 Qxe1+ 20. Nxe1 Rxd3 21.
Nxd3 gxf6 22. Nc5 Nd4 23. Nxb7 Nxc2 24. Rb1 Re8 25. Bxh6 Kh7 26. Bf4 c6 27. Rc1
Nd4 28. Kf1 Ne2 29. Re1 Re7 30. Nc5 Nxf4 31. Rxe7 Kg6 32. Nxa6 Nd5 33. Re1 f5
34. Nb4 Nxb4 35. axb4 Kf6 36. Re3 f4 37. Re4 Kf5 38. f3 f6 39. Ke2 Kg5 40. Kd3
f5 41. h4+ Kxh4 42. Rxf4+ Kg5 43. g3 c5 44. bxc5 b4 45. c6 b3 46. c7 Kf6 47.
c8=Q Ke7 48. Rxf5 Kd6 49. Qa6+ Ke7 50. Rb5 Kd7 51. Rb7+ Ke8 52. Qa8# 1-0